Stavba místních sdělovacích kabelů. Část 3 : 4-Montáž kabelových souborů
Salvato in:
| Natura: | Libro |
|---|---|
| Lingua: | ceco |
| Pubblicazione: |
Praha :
NADAS,
1985
|
| Edizione: | 1.vyd. |
| Tags: |
Nessun Tag, puoi essere il primo ad aggiungerne!!
|
MARC
| LEADER | 00000nam a22000003a 4500 | ||
|---|---|---|---|
| 001 | stu9506 | ||
| 005 | 20150408181848.6 | ||
| 008 | 970417s1985----cs------------------cze-d | ||
| 040 | |a STU |b slo | ||
| 041 | 0 | |a cze | |
| 044 | |a cs | ||
| 080 | |a 621.315.687 |7 stu_us_auth*stu6380 | ||
| 245 | |a Stavba místních sdělovacích kabelů. Část 3 : |b 4-Montáž kabelových souborů | ||
| 250 | |a 1.vyd. | ||
| 260 | |a Praha : |b NADAS, |c 1985 | ||
| 300 | |a 137 s | ||
| 996 | |b 284EK04009 |c E*57615 |l EE01 |s A |a 24 |w stu9506_0001 | ||